000 00535nam a2200181 a 4500
001 000017221
005 20200929165043.0
008 100319s1973 sp 000 0 spa d
020 _a8440067453
040 _aDO-SdBNP
_bspa
_cBNPHU
082 _axxx
_bC292m
100 1 _aCaro Álvarez, José A.
_937866
245 1 4 _aLas murallas de Santo Domingo /
_cJosé A. Caro Álvarez.
260 _aMadrid :
_b[Gráficas Martín],
_c1973.
300 _a31 p. ;
_c21 cm.
500 _aIncluye notas al pie de páginas y anexos
049 _aBNPD
999 _c16746
_d16746